| 000 | 00495nam a2200181Ia 4500 | ||
|---|---|---|---|
| 003 | IN-BaIIA | ||
| 008 | 211028s9999 xx 000 0 eng d | ||
| 040 | _cIIA Library | ||
| 080 |
_a514.74 _bKAP |
||
| 100 |
_aKaplan, Wilfred _96465 |
||
| 245 | 0 |
_aAdvanced calculus _cWilfred Kaplan |
|
| 260 |
_aMassachusetts _bAddison-Wesley _c1952 |
||
| 300 | _axiii, 679p. | ||
| 490 | _aAddison-Wesley World Student Series | ||
| 650 |
_aAnalytical Geometry _91676 |
||
| 650 |
_aCalculus _91611 |
||
| 942 | _cBK | ||
| 999 |
_c3648 _d3648 |
||